000
00284 a2200121 4500
000
nam a22 7a 4500
005
20260202160606.0
020
_a
9788199310759
100
_a
Chandrabali pandey
_9
1113199
245
_a
Tulsidas
260
_b
Ananya Prakashan
_c
2025
942
_c
TEXL
999
_c
1678510
_d
1678510